| 000 | 00554cam a2200217ua 4500 | ||
|---|---|---|---|
| 001 | 7510 | ||
| 005 | 20260515114224.0 | ||
| 008 | 141212n ii |||gr||||Z||||||ben | ||
| 020 | _a8185626367 | ||
| 040 | _cMAIN | ||
| 041 | _aben | ||
| 082 | _a891.4403 | ||
| 100 |
_aBhattacharya, S., _eAuthor. |
||
| 245 | 1 |
_aSansad bagdhara abhidhan _cBy Subhas Bhattacharya |
|
| 250 | _a1st. | ||
| 260 |
_aCalcutta: _bSahitya sansad, _c1993. |
||
| 300 | _a337p. | ||
| 653 | _aEast Indo-European & Celtic literatures | ||
| 653 | _aBengali dictionary | ||
| 942 | _cBK | ||
| 999 |
_c6628 _d6628 |
||